Score 0/15 Timer 06:00
1 Play Today
Opening Line Book % Correct
Call Ismail.Moby-Dick; or, The Whale
92.2%
Lalita, she describes my life, my light.Lolita
80.9%
When he was thirteen years old, my brother jem got his arm up suddenly.To Kill a Mockingbird
70.5%
Dursleys, Four, Prev Drive are vital and thank you, thank you very much.Harry Potter and the Sorcerer's Stone
69.9%
It's fun to burn.Fahrenheit 451
54.8%
If you know the world, if you want good stock, your wife will have to look.Pride and Prejudice
37.1%
It's cool in April and it was about 14 years old.1984
34.3%
Family members are the same. Not all happy families do not rejoice in their ways.Anna Karenina
33.6%
Opening Line Book % Correct
One day, Joseph K had to be postponed, do nothing wrong, was arrested.The Trial
30.7%
In my youngest and most vulnerable year, my father gave me some advice that I left.The Great Gatsby
30.4%
'Where is his parents?' Fern said, preparing a table for his mother's breakfast.Charlotte's Web
25.1%
My mother is now dead.The Stranger
16.7%
It all happened, too much or less.Slaughterhouse-Five
14.2%
The children died except for one.Peter Pan
13.9%
Even if you are good, do not say anything to God.The Color Purple
12%
Remove Ads.
Support Sporcle.
Get the best of Sporcle when you Go Orange. This ad-free experience offers more features, more stats, and more fun while also helping to support Sporcle. Thank you for becoming a member.

You're not logged in!

Compare scores with friends on all Sporcle quizzes.
OR
Log In

Show Comments

Extras

Top Quizzes Today


Score Distribution

Your Account Isn't Verified!

In order to create a playlist on Sporcle, you need to verify the email address you used during registration. Go to your Sporcle Settings to finish the process.

Report this User

Report this user for behavior that violates our Community Guidelines.

Details: